<?xml version="1.0" encoding="UTF-8"?>
<record
    xmlns:xsi="http://www.w3.org/2001/XMLSchema-instance"
    xsi:schemaLocation="http://www.loc.gov/MARC21/slim http://www.loc.gov/standards/marcxml/schema/MARC21slim.xsd"
    xmlns="http://www.loc.gov/MARC21/slim">

  <leader>07773nam a22004817a 4500</leader>
  <controlfield tag="001">BRCA_8618</controlfield>
  <controlfield tag="002">CO8-462</controlfield>
  <controlfield tag="003">FranzMayer</controlfield>
  <controlfield tag="005">20260505165230.0</controlfield>
  <controlfield tag="006">a||||gr|||| 00| | </controlfield>
  <controlfield tag="007">ta</controlfield>
  <controlfield tag="008">260326s1772    sp ||||gr|||| 00| | spa d</controlfield>
  <datafield tag="040" ind1=" " ind2=" ">
    <subfield code="a">BMFM</subfield>
    <subfield code="b">spa</subfield>
  </datafield>
  <datafield tag="041" ind1="0" ind2=" ">
    <subfield code="a">spa</subfield>
    <subfield code="a">lat</subfield>
  </datafield>
  <datafield tag="050" ind1=" " ind2="4">
    <subfield code="a">RS125</subfield>
    <subfield code="b">.P43 1762 </subfield>
  </datafield>
  <datafield tag="110" ind1="1" ind2=" ">
    <subfield code="a">Collegium Pharmaceuticum Matritense </subfield>
    <subfield code="9">30128</subfield>
  </datafield>
  <datafield tag="245" ind1="1" ind2="0">
    <subfield code="a">Pharmacopedia matritensis regii, ac supremi hispaniarum protomedicatus autoritate, juffu atque auspiciis elaborata / </subfield>
    <subfield code="c">Collegium Pharmaceuticum Matritense </subfield>
  </datafield>
  <datafield tag="246" ind1="1" ind2="1">
    <subfield code="a">Pharmacopoedia Matritensis </subfield>
  </datafield>
  <datafield tag="260" ind1=" " ind2=" ">
    <subfield code="a">Madrid, Espa&#xF1;a :</subfield>
    <subfield code="b">Antonii Perez de Soto ,</subfield>
    <subfield code="c">1772</subfield>
  </datafield>
  <datafield tag="300" ind1=" " ind2=" ">
    <subfield code="a">[28], 455 p&#xE1;ginas ;</subfield>
    <subfield code="b">24.8 x 18 x 5.5 cm </subfield>
  </datafield>
  <datafield tag="520" ind1="3" ind2=" ">
    <subfield code="a">Compendio m&#xE9;dico destinado estandarizar y normar la preparaci&#xF3;n medicamentos y sustancias terap&#xE9;uticas, sus distintas combinaciones y m&#xE9;todos de preparaci&#xF3;n.  Su objetivo principal era garantizar la calidad, dosificaci&#xF3;n y legitimidad de los medicamentos y sustancias que se administraban en las boticas. Su t&#xED;tulo incluye el t&#xE9;rmino "Matritensis" porque hace referencia a Madrid (en lat&#xED;n: Matritum), que es la ciudad donde fue compilada y publicada esta farmacopea, por orden del  Real Tribunal del Protomedicato,  instituci&#xF3;n encargada entonces de regular el ejercicio m&#xE9;dico y farmac&#xE9;utico en todo el territorio espa&#xF1;ol.</subfield>
    <subfield code="b">La obra se convirti&#xF3; en un documento oficial de consulta obligatoria para todos los boticarios de Espa&#xF1;a, al incluir  descripciones detalladas de f&#xF3;rmulas magistrales, preparados compuestos, hierbas, minerales y procedimientos para su correcta preparaci&#xF3;n. Adem&#xE1;s de algunos  grabados detallados que ilustran instrumentos y procedimientos farmac&#xE9;uticos.</subfield>
  </datafield>
  <datafield tag="563" ind1=" " ind2=" ">
    <subfield code="a">Otras referencias f&#xED;sicas: Encuadernaci&#xF3;n entera en piel decorada. El papel del cuerpo del libro est&#xE1; formado por pulpa de trapo, hecho a mano, con marcas de verjurado y marcas de agua. El cuerpo del libro est&#xE1; formado por cuadernillos unidos mediante costura alternada sobre cinco soportes sencillos, elevados, de cordel. Las prolongaciones de los soportes se usaron para unir el cuerpo a la cartera. Hojas de guarda decoradas. Lomera plana con endoses de papel impreso de re&#xFA;so, aparentemente en todos los paneles. No fue posible determinar si tienen prolongaciones. Cabezadas tejidas con hilo azul perdidas. Cantos refinados, pulidos y coloreados en rojo. Soportes de las tapas de cart&#xF3;n. Piel decorada, decoraciones en dorado en el lomo; tejuelo de piel roja en la casilla 2 con el t&#xED;tulo del libro grabado en dorado. Texto impreso. Anotaci&#xF3;n con tinta ferrog&#xE1;lica en la parte posterior de la guarda m&#xF3;vil anterior</subfield>
  </datafield>
  <datafield tag="591" ind1=" " ind2=" ">
    <subfield code="a">Estado de Conservaci&#xF3;n: Regular</subfield>
  </datafield>
  <datafield tag="591" ind1=" " ind2=" ">
    <subfield code="b">Descripci&#xF3;n de conservaci&#xF3;n: Suciedad, manchas, deyecciones de insectos, costura rota en algunos cuadernillos, fojas sueltas, costura semicolapsada, aparente ataque de microorganismos (p. 534), dobleces en las hojas, puntas de las tapas desnudas, dobladas y abiertas, abrasi&#xF3;n en la piel de las tapas, cantos de las tapas abrasionados, p&#xE9;rdida por abrasi&#xF3;n en las costillas del lomo dejando los soportes de costura expuestos, cofia de cabeza rota y con faltantes</subfield>
  </datafield>
  <datafield tag="592" ind1=" " ind2=" ">
    <subfield code="a">Marcas Adicionales: Antecediendo a la portada incluye una nota manuscrita: &lt;&lt;thomas Acchuque Campo Mane&gt;&gt;. Portada a dos tintas con grabado firmado por &lt;&lt;Cruz inv. et Sculp &gt;&gt;. Dedicatoria con un grabado del rey Carlos III ([1] p&#xE1;gina). Incluye una licencia de ordinario: &lt;&lt; Nos el Licenciado Josefph Armendariz y Arbeloa, Presbytero, Abogado de los Reales Consejos, y Theniente Vicario de esta Villa, y su Partido, &amp;c. Por la presente, y por lo que &#xE0; Nos toca, damos Licencia para que se pueda reimprimir, y reimprima el Libro intitulado: Pharmacopedia Matritense, corrigiendo, adiccionado, y aprobado por el Real Proto- Medicato, al que han de arreglarse los Boticarios de estos Reynos, para la composici&#xF3;n de las Medicinas Galenicas, y Chymicas, que tengan en sus Boticas; atento que de nuestra orden ha sido visto, y reconocido, y no contiene cosa alguna que se oponga &#xE0; nuestra Santa F&#xE8;, y buenas costumbres. Dada en Madrid &#xE0; diez de Junio de mil setecientos sesenta y uno. Por su mandado Joseph Antonio Ximenez &gt;&gt; (p&#xE1;gina [22]). Incluye una licencia del consejo: &lt;&lt; Don Joseph Antonio de Yarza, Secretario de Rey nuestro Se&#xF1;or, su escrivano de Camara mas antiguo, y de Gobierno del Consejo. Certifico, que por lo Se&#xF1;ores de &#xE8;l fe ha concedido Liciencia &#xE0; el Colegio de Boticarios de esta Corte, para que por una vez pueda reimprimir, y vender el Libro intitulado: Pharmacopedia Matritense, corregido, adiccionado, y aprobado por el Real Protocolo-Medicato, al que han de arreglarse los Boticarios de estos Reynos, para la composici&#xF3;n de las Medicinas Galenicas, y Chymicas , que tengan en sus Boticas, con que la reimpresi&#xF3;n se haga en papel fino, de buena estampa, y por el exemplar que sirve de original, y v&#xE0; rubricado, y firmado al fin de mi firma, y que antes que se venda, se trayga al Consejo dicho Libro reimpresso, junto con su exemplar, y Certificaci&#xF3;n de el Corrector de estar conformes, para que se tasse el precio &#xE0; que se ha de vender, guardando en la reimpresione lo dispuesto, y prevenido por las Leyes, y Pragmaticas de estos Reynos. Y para que conste lo firm&#xE8; en Madrid &#xE0; tres de Junio de mil setecientos sesenta y uno. Don Joseph Antonio de Yarza.&gt;&gt; (p&#xE1;gina [23]). Incluye: &lt;&lt;Tassa&gt;&gt;: &lt;&lt; Don Joseph Antonio de Yarza, Secretario de Rey nuestro Se&#xF1;or, su escrivano de Camara mas antiguo, y de Gobierno del Consejo. Certifico, que haviendose visto por lo Se&#xF1;ores de &#xE8;l Libro intitulado: Pharmacopedia Matritense, corregido, adiccionado, y aprobado por el Real Protocolo-Medicato, al que han de arreglarse los Boticarios de estos Reynos, para la composici&#xF3;n de las Medicinas Galenicas, y Chymicas que tengan en sus Boticas, con que Licencia de dichos Senores concedida al Colegio de los de esta Corte, ha sido reimpresso, tassaron &#xE0; diez y seis maravedis cada pliego, y dicho Libro parece tiene sesenta y tres sin principios, ni tablas, que &#xE0; este respecto importa mil y ocho maravedis; y al dicho precio, y no mas mandaron se venda, y que esta certificaci&#xF3;n se ponga al principio de cada Libro para que se sepa el &#xE0; que se ha de vender. Y para que conste lo firm&#xE8; en Madrid &#xE0;  nueva de Julio de mil setecientos sesenta y dos. Don Joseph Antonio de Yarza.&gt;&gt;(p&#xE1;gina [24]). Incluye un &#xED;ndice: &lt;&lt;Elenchus capitum&gt;&gt; (paginas [25] - [28]). Se hall&#xF3; una nota manuscrita en un papel independiente, insertado entre las p&#xE1;ginas, que no forma parte del ejemplar original. Incluye: &lt;&lt; Index rerum alphabeticus&gt;&gt; [p&#xE1;ginas 505-544]</subfield>
  </datafield>
  <datafield tag="593" ind1=" " ind2=" ">
    <subfield code="a">Colecci&#xF3;n adicional: Tratados, compendios y manuales </subfield>
  </datafield>
  <datafield tag="650" ind1="1" ind2="0">
    <subfield code="a">Pharmacy</subfield>
    <subfield code="x">history</subfield>
    <subfield code="9">30129</subfield>
  </datafield>
  <datafield tag="650" ind1="1" ind2="0">
    <subfield code="a">Pharmacy</subfield>
    <subfield code="y">Early works to 1800</subfield>
    <subfield code="9">30130</subfield>
  </datafield>
  <datafield tag="650" ind1="1" ind2="0">
    <subfield code="a">Medicine</subfield>
    <subfield code="y">Early works to 1800</subfield>
    <subfield code="9">30131</subfield>
  </datafield>
  <datafield tag="650" ind1="1" ind2="0">
    <subfield code="a">Medicine</subfield>
    <subfield code="x">Galenic medicine</subfield>
    <subfield code="9">30132</subfield>
  </datafield>
  <datafield tag="650" ind1="1" ind2="0">
    <subfield code="a">Pharmacopoeias</subfield>
    <subfield code="x">History</subfield>
    <subfield code="9">30133</subfield>
  </datafield>
  <datafield tag="650" ind1="1" ind2="0">
    <subfield code="a">Pharmacopoeias</subfield>
    <subfield code="y">Early works to 1800</subfield>
    <subfield code="z">Spain</subfield>
    <subfield code="9">30134</subfield>
  </datafield>
  <datafield tag="650" ind1="1" ind2="0">
    <subfield code="a">Pharmacists</subfield>
    <subfield code="x">History</subfield>
    <subfield code="z">Spain</subfield>
    <subfield code="9">30135</subfield>
  </datafield>
  <datafield tag="650" ind1="1" ind2="0">
    <subfield code="a">Medicine</subfield>
    <subfield code="x">History</subfield>
    <subfield code="z">Spain</subfield>
    <subfield code="z">Madrid</subfield>
    <subfield code="9">30136</subfield>
  </datafield>
  <datafield tag="700" ind1="1" ind2=" ">
    <subfield code="a">P&#xE9;rez de Soto, Antonio </subfield>
    <subfield code="d">(activo aproximadamente 1743-1780)</subfield>
    <subfield code="e">impresor</subfield>
    <subfield code="9">30137</subfield>
  </datafield>
  <datafield tag="700" ind1="1" ind2=" ">
    <subfield code="a">Xim&#xE9;nez y Pastor, Juan Antonio</subfield>
    <subfield code="d">(1796 &#x2013; 1850)</subfield>
    <subfield code="e">escribano real y notario de Su Majestad</subfield>
    <subfield code="9">30138</subfield>
  </datafield>
  <datafield tag="700" ind1="1" ind2=" ">
    <subfield code="a">Cruz Cano y Olmedilla, Juan</subfield>
    <subfield code="d">(1734-1790)</subfield>
    <subfield code="e">grabador</subfield>
    <subfield code="9">30139</subfield>
  </datafield>
  <datafield tag="700" ind1="1" ind2=" ">
    <subfield code="a">Yarza, Jos&#xE9; Antonio de</subfield>
    <subfield code="e">Secretario del rey</subfield>
    <subfield code="9">30140</subfield>
  </datafield>
  <datafield tag="856" ind1="4" ind2="1">
    <subfield code="q">TIF//PDF</subfield>
    <subfield code="u">https://bibliotecadigital.franzmayer.org.mx/items/77335711-78a0-4542-a04e-f5155b0fabbf</subfield>
    <subfield code="y">Biblioteca Digital Franz Mayer</subfield>
  </datafield>
  <datafield tag="902" ind1=" " ind2=" ">
    <subfield code="a">KH</subfield>
    <subfield code="a">FM</subfield>
    <subfield code="a">TV</subfield>
  </datafield>
  <datafield tag="942" ind1=" " ind2=" ">
    <subfield code="2">lcc</subfield>
    <subfield code="c">B</subfield>
  </datafield>
  <datafield tag="960" ind1=" " ind2=" ">
    <subfield code="a">CS-L2-N2</subfield>
  </datafield>
  <datafield tag="999" ind1=" " ind2=" ">
    <subfield code="c">11107</subfield>
    <subfield code="d">11107</subfield>
  </datafield>
  <datafield tag="952" ind1=" " ind2=" ">
    <subfield code="a">BRCA</subfield>
    <subfield code="b">BRCA</subfield>
    <subfield code="d">2026-03-26</subfield>
    <subfield code="f">CS-L2-N2</subfield>
    <subfield code="i">CO8-462</subfield>
    <subfield code="l">0</subfield>
    <subfield code="o">RS125 .P43 1762 </subfield>
    <subfield code="p">LAR00122</subfield>
    <subfield code="r">2026-03-26 11:52:10</subfield>
    <subfield code="w">2026-03-26</subfield>
    <subfield code="y">B</subfield>
    <subfield code="0">0</subfield>
    <subfield code="1">0</subfield>
    <subfield code="2">lcc</subfield>
    <subfield code="5">2</subfield>
    <subfield code="7">0</subfield>
    <subfield code="8">LAR</subfield>
  </datafield>
</record>
